| 000 | 01050ngm a22003010a 4500 | ||
|---|---|---|---|
| 001 | PT40546 | ||
| 003 | AR-LpoUNG | ||
| 005 | 20210201235904.0 | ||
| 007 | vd cvaizq | ||
| 008 | 191001s2010||||ag |||||||||||||||||spa d | ||
| 040 |
_aAR-LpoUNG _bspa _cAR-LpoUNG _eaacr |
||
| 041 |
_aspa _aeng |
||
| 044 | _aag | ||
| 082 | 0 | _a808.068.8 612ami | |
| 245 | 1 | 0 |
_aMis amigos Tigger y Pooh : _bayudando a los demás = My friends Tigger and Pooh : helping others |
| 260 |
_aBuenos Aires : _bWalt Disney, _c2010. |
||
| 300 | _aDVD (75 min.) : son., col. | ||
| 505 | 0 | _aHecha en 2009. - Doblado en: Inglés y Español. - Subtutulad: Inglés, Español | |
| 520 | _aAyudar a los amigos puede ser divertido para todos. Celebra el trabajo en equipo y la verdadera amistad cuando Rito invente un nuevo Día Festivo: Ayuda a todos tus amigos en el día del bosque. | ||
| 653 | _aAVENTURA | ||
| 653 | _aDVD | ||
| 653 | _aVIDEOS | ||
| 653 | _aVIDEOS DIDACTICOS | ||
| 653 | _aVIDEOS INFANTILES | ||
| 710 | 2 | _aWalt Disney | |
| 905 | _a40546 | ||
| 942 | _cDVD | ||
| 999 |
_c53712 _d53712 |
||